قانون تنظيم الجامعات : (Record no. 18675)
[ view plain ]
| 000 -الفاتح | |
|---|---|
| حقل البيانات ثابتة الطول | 01735nam a22003137a 4500 |
| 003 - محدد رقم الضبط | |
| رقم الضبط | EG-ScBUE |
| 005 - وقت وتاريخ اخر تعامل مع التسجيلة | |
| رقم الضبط | 20211104095339.0 |
| 008 - عناصر البيانات ثابتة الطول - معلومات عامة | |
| حقل البيانات ثابتة الطول | 120208s2014 ua f b 000 ara d |
| 017 ## - رقم الإيداع القانونى | |
| رقم الإيداع القانونى | 2014 / 15207 |
| 040 ## - مصدر الفهرسة | |
| وكالة الفهرسة الأصلية | EG-ScBUE |
| لغة الفهرسة | eng |
| قواعد الوصف | rda |
| وكالة النسخ | EG-ScBUE |
| وكالة التعديل | EG-ScBUE |
| 043 ## - رمز المنطقة الجغرافية | |
| رمز المنطقة الجغرافية | f-ua--- |
| 082 04 - رقم تصنيف ديوى العشرى | |
| رقم التصنيف | 344.62074 |
| رقم المادة | ز غ ل |
| رقم الطبعة | 22 |
| 100 1# - المدخل الرئيسى - إسم شخصى | |
| الإسم الشخصى | زغلول، ثروت سعد، |
| الدور | مؤلف. |
| 245 10 - بيان العنوان | |
| العنوان | قانون تنظيم الجامعات : |
| بقية العنوان | الصادر بالقانون رقم ٤٩ لسنة ١٩٧٢ ولائحته التنفيذية الصادرة بقرار رئيس الجمهورية رقم 809 لسنة 1975 وفقا لآخر التعديلات / |
| بيان المسئوليه,etc | إعداد ومراجعة ثروت سعد زغلول، المحامي بالنقض والإدارية العليا والدستورية العليا، محمود يوسف حنيش، المحامي، ماجستير في القانون. |
| 250 ## - بيان الطبعة | |
| بيان الطبعة | الطبعة الثالثة والثلاثون، |
| بقية بيان الطبعة | المعدلة. |
| 264 #1 - النشر، التوزيع | |
| مكان الناشر او الموزع | القاهرة : |
| اسم الناشر او الموزع | وزارة الصناعة والتجارة والمشروعات الصغيرة والمتوسطة، الهيئة العامة لشئون المطابع الأميرية، |
| تاريخ النشر أو التوزيع | 2014. |
| 300 ## - الوصف المادى | |
| التعداد | 546 صفحة ؛ |
| أبعاد الوعاء | 24 سم |
| 336 ## - نوع المحتوى | |
| source | rdacontent |
| Carrier Type Term | نص |
| Content Type Code | txt |
| 337 ## - نوع الوسيط | |
| source | rdamedia |
| Media Type Term | بدون وسيط |
| Media Type Code | n |
| 338 ## - نوع الحامل أو الناقل | |
| source | rdacarrier |
| Carrier Type Term | مجلد |
| Carrier Type Code | nc |
| 504 ## - تبصرة ببليوجرافية | |
| تبصرة ببليوجرافية,الخ | يشتمل على إرجاعات ببليوجرافية. |
| 541 ## - تبصرة المصدر المباشر للتزويد | |
| طريقة التزويد | إهداء. |
| 650 #7 - المدخل الاضافى بالموضوع-مصطلح موضوعى | |
| 9 (RLIN) | 28698 |
| مصطلح موضوعي أو اسم جغرافي كعنصر مدخل | الجامعات والكليات |
| التقسيم الفرعي العام | قوانين وتشريعات |
| التقسيم الفرعي الجغرافي | مصر. |
| مصدر الرأس أو المصطلح | BUEsh |
| 651 ## - المدخل الاضافى بالموضوع - اسم جغرافى | |
| مصدر الرأس أو المصطلح | BUEsh |
| 653 ## - مصطلح تكشيفى غير مقيد | |
| Resource For college | Law |
| Arrived date list | November2014 |
| 655 ## - مصطلح تكشيفى-نوع/شكل | |
| التقسيم الفرعي الشكلي | Reading book |
| -- | 34232 |
| 700 1# - المدخل الاضافى - اسم شخصى | |
| الإسم الشخصى | حنيش، محمود يوسف، |
| الدور | معد. |
| 942 ## - عناصر المدخل الإضافي( كوها) | |
| مصدر التصنيف او مخطط الترفيف | Dewey Decimal Classification |
| Koha [default] item type | Book - Borrowing |
| سابقة رقم الطلب | 344.62074 ق ا ن |
| حالة التراجع | حالة الفقد | مصدر التصنيف او خطة الترفيف | حالة تلف | ليس للاعارة | مجموعات كوها | المكان الدائم | المكان الحالي | موقع الترفيف | تاريخ الاكتساب | Source of acquisition | سعر الشراء الطبيعي | رقم الاستدعاء | الباركود | Date last seen | التكلفة | نوع الوعاء | مُعار |
|---|---|---|---|---|---|---|---|---|---|---|---|---|---|---|---|---|---|
| Dewey Decimal Classification | المطابع الأميرية | Central Library | Central Library | First floor | 26/11/2014 | 28.00 | 344.074 ق ا ن | 000029767 | 15/07/2025 | 35.00 | NB - Book (Non borrowing) | ||||||
| Dewey Decimal Classification | المطابع الأميرية | Central Library | Central Library | First floor | 26/11/2014 | 28.00 | 344.074 ق ا ن | 000029768 | 15/07/2025 | 35.00 | Book - Borrowing | 05/08/2018 | |||||
| Dewey Decimal Classification | المطابع الأميرية | Central Library | Central Library | First floor | 26/11/2014 | 28.00 | 344.074 ق ا ن | 000029769 | 15/07/2025 | 35.00 | Book - Borrowing | ||||||
| Dewey Decimal Classification | Donation-Gift | Central Library | Central Library | First floor | 04/11/2021 | Donation | 344.62074 ز غ ل | 000050943 | 15/07/2025 | Book - Borrowing |